| 000 | 00543nam a22001817a 4500 | ||
|---|---|---|---|
| 005 | 20251108173241.0 | ||
| 008 | 250721s1995 xx 000 0 ara d | ||
| 082 | 1 | 4 | _a211.9133/كوس |
| 100 | 1 | _aالكوسا، ماهر وليد | |
| 245 | 1 | 0 | _aفيض القرآن في علاج المسحور / |
| 264 | 1 |
_aعمان : _bدار الإسراء للنشر والتوزيع، _c1995. |
|
| 300 | _a96ص | ||
| 650 | 1 | 7 | _aالقرآن |
| 650 | 1 | 7 | _aالسحر |
| 650 | 1 | 7 | _aالآيات القرآنية |
| 942 |
_2ddc _cBK |
||
| 999 |
_c99531 _d99531 |
||